|
|
|
|
| LEADER |
01042nam a2200265 a 4500 |
| 001 |
6461 |
| 003 |
BD-DhAAL |
| 008 |
090505s1991 na i 001 0 eng d |
| 999 |
|
|
|c 396
|d 396
|
| 020 |
|
|
|a 09036702259
|
| 040 |
|
|
|a BD-DhAAL
|
| 082 |
0 |
0 |
|a 616.11
|
| 100 |
1 |
|
|a Bakker,Peter.
|9 41892
|
| 245 |
1 |
0 |
|a Dermatological preparations for the tropics :
|b a formulary of dermatological preparations and backgrounds of choices, production and dispensing /
|c Peter Bakker...[etal.]
|
| 260 |
|
|
|a Netherlands :
|b University of Groningen,
|c c1991.
|
| 300 |
|
|
|a [ii], 222 pages ;
|c 26 cm.
|
| 500 |
|
|
|a Includes index.
|
| 541 |
1 |
|
|e 6461
|
| 650 |
|
0 |
|a Dermatology.
|9 41893
|
| 700 |
1 |
|
|a Doorne,Hans Van.
|9 41894
|
| 700 |
1 |
|
|a Gooskens,vincent.
|9 41895
|
| 700 |
1 |
|
|a Wieringa,Nicolien.
|9 41896
|
| 852 |
|
|
|a Ayesha Abed Library
|c General Stacks
|
| 942 |
|
|
|2 ddc
|c BK
|
| 952 |
|
|
|0 0
|1 0
|2 ddc
|4 0
|6 616_110000000000000_BAK_1991
|7 0
|9 356
|a BRACUL
|b BRACUL
|c GEN
|d 2009-05-05
|g 0.00
|l 0
|o 616.11 BAK
|p 3010006461
|r 2009-05-05
|t 1
|w 2009-05-05
|y BK
|x No price found in the accession register.
|